书目信息 |
| 题名: |
染料生产技术
|
|
| 作者: | 童国通 主编 | |
| 分册: | ||
| 出版信息: | 北京 化学工业出版社 2017.07 |
|
| 页数: | 191页 | |
| 开本: | 24cm | |
| 丛书名: | ||
| 单 册: | ||
| 中图分类: | TQ610.6 | |
| 科图分类: | ||
| 主题词: | 染料--生产工艺 | |
| 电子资源: | ||
| ISBN: | 978-7-122-29721-1 | |
| 000 | 00869nam0 2200217 450 | |
| 001 | 4352 | |
| 005 | 20181011103929.97 | |
| 010 | @a978-7-122-29721-1@dCNY39.80 | |
| 100 | @a20171222d2017 em y0chiy50 ea | |
| 101 | 0 | @achi |
| 102 | @aCN@b110000 | |
| 105 | @aa z 000yy | |
| 200 | 1 | @a染料生产技术@9ran liao sheng chan ji shu@f童国通主编 |
| 210 | @a北京@c化学工业出版社@d2017.07 | |
| 215 | @a191页@c图@d24cm | |
| 330 | @a本书以染料化学基本理论和共性技术、典型染料产品生产技术与工艺以及染料“三废”处理技术为体系,简述染料分类、结构与性质、结构与颜色、发色理论等,重点介绍了分散染料、阳离子染料、活性染料、酸性染料、功能性染料几类重要染料的合成原理、生产技术与工艺以及相关新的研究发展,突出联系工业实际。 | |
| 606 | 0 | @a染料@x生产工艺 |
| 690 | @aTQ610.6@v5 | |
| 701 | 0 | @a童国通@9tong guo tong@4主编 |
| 801 | 0 | @aCN@b91MARC@c20171222 |
| 905 | @aMuseLib@dTQ610.6@e69 | |
| 染料生产技术/童国通主编.-北京:化学工业出版社,2017.07 |
| 191页:图;24cm |
| ISBN 978-7-122-29721-1:CNY39.80 |
| 本书以染料化学基本理论和共性技术、典型染料产品生产技术与工艺以及染料“三废”处理技术为体系,简述染料分类、结构与性质、结构与颜色、发色理论等,重点介绍了分散染料、阳离子染料、活性染料、酸性染料、功能性染料几类重要染料的合成原理、生产技术与工艺以及相关新的研究发展,突出联系工业实际。 |
| ● |
| 相关链接 |
|
|
|
|
正题名:染料生产技术
索取号:TQ610.6/69
 
预约/预借
| 序号 | 登录号 | 条形码 | 馆藏地/架位号 | 状态 | 备注 |
| 1 | 1124751 | 211247514 | 第二样本阅览室/ [索取号:TQ610.6/69] | 在馆 | |
| 2 | 1124752 | 211247523 | 第三借阅区/ [索取号:TQ610.6/69] | 在馆 | |
| 3 | 1124753 | 211247532 | 第三借阅区/ [索取号:TQ610.6/69] | 在馆 | |
| 4 | 1124754 | 211247541 | 第三借阅区/ [索取号:TQ610.6/69] | 在馆 | |
| 5 | 1124755 | 211247550 | 化学系资料室/ [索取号:TQ610.6/69] | 在馆 |